00453nam a2200133Ia 4500008004100000100002400041245003500065250000900100260002300109300000800132942001200140999001500152952015200167191201s2019 xx 000 0 und d aLAUDO N , Kenneth C 0aManagement Information Systems a15th bPearsonaNew Delhi a659 2ddccBK c7992d7992 00102ddc40708BCAaPIETbPIETd2019-05-24eKirti Prakashang799.00kIN3970l0o658.4038 LAMpBC1340r2019-12-04 00:00:00v543.32w2019-05-24yBK